Mystery Taylor Swift Song #93 - Statistics

General Stats
  • This quiz has been taken 292 times
    286 since last reset
  • The average score is 94 of 159
Answer Stats
Song % Correct
Red
93%
red
93%
a
92%
I
92%
you
90%
an
86%
me
86%
the
86%
to
85%
and
84%
do
84%
it
84%
it"
84%
we
82%
When
82%
when
82%
be
81%
too
81%
your
81%
I'm
80%
on
80%
in
79%
my
79%
at
78%
you're
78%
it's
77%
know
77%
Then
77%
who
77%
All
76%
can
76%
go
76%
love
76%
How
75%
what
75%
but
74%
is
74%
say
74%
They
74%
this
74%
22?
73%
like
73%
nothing
73%
have
72%
of
72%
want
71%
will
70%
new?
69%
"She
69%
I've
68%
(I've
68%
she
68%
still
68%
are
67%
been
67%
everything
67%
for
67%
had
67%
had)
67%
I'll
67%
time
67%
18
65%
feel
65%
From
65%
Nothing New
65%
think
65%
night
64%
person
64%
tell
64%
did
63%
out
63%
up
63%
up)
63%
about
62%
much
62%
can't
60%
drink
60%
middle
60%
Oh
60%
tonight
60%
down
59%
down?
59%
fun"
59%
"Girls
59%
her
59%
young
59%
if
58%
she's
58%
through
58%
with
58%
way
56%
looks
55%
moving
55%
only
55%
wake
55%
(wake
55%
while
55%
ones
54%
cry
53%
got
53%
long
53%
Once
53%
sad
53%
actually
52%
become
52%
gonna
50%
dream
49%
seventeen
49%
room
48%
room?
48%
lost
47%
myself
47%
sleep
47%
crying
46%
eyes
46%
novelty?
46%
cute
45%
fever
45%
meet
45%
sky
45%
growing
44%
She'll
44%
breaking
43%
fly
43%
kind
42%
Lord
42%
slay
42%
someday
42%
affection?
41%
Criticize
41%
blame
40%
happy
40%
smiles
40%
faking
39%
hunt
39%
radiance
39%
they'll
39%
whoa
39%
youth
39%
cheeks
38%
roll
38%
someone
38%
til
38%
tired
38%
turning
38%
soaring
37%
lights
36%
lose
36%
else
35%
People
35%
Shoot
35%
sigh
35%
attention?
34%
map
34%
miss
29%
wonder
29%
ingenue
27%
drive
25%
biding
24%
No matching quizzes found
Score Distribution
Percent of People with Each Score
Percentile by Number Answered
Your Score History
You have not taken this quiz since the last reset